[Event "ICS Rated blitz match"]
[Site "207.99.83.229"]
[Date "1999.07.01"]
[Round "?"]
[White "Hossa"]
[Black "Beadle"]
[Result "0-1"]
[WhiteElo "2421"]
[BlackElo "2627"]
[Annotator "Fritz 5.32 (15s)"]
[PlyCount "64"]

1. e4 1... e5 {Opening = C49 - 4.Bb5 Bb4} 2. Nf3 Nf6 3. Nc3 Nc6 4. Bb5 Bb4 5.
d3 Nd4 6. Ba4 (6. Bc4 b5 7. Bb3 d6 8. h3 O-O 9. O-O Nxb3 10. axb3 a6 11. Ne2
11... Bc5 {- Peterwagner,H-Singer,C/AUT-chT 9394 1994 (11)}) 6... c6 7. O-O Qa5
8. Bb3 8... Bxc3 $146 (8... Nxb3 9. cxb3 O-O 10. Bg5 Be7 11. a3 d6 12. b4 Qc7
13. h3 Be6 14. Rc1 h6 15. Bxf6 Bxf6 16. Nd5 Qd8 17. Nxf6+ Qxf6 18. d4 Rac8 19.
Rc3 Rfd8 20. dxe5 dxe5 21. Qa4 a6 22. Qa5 Re8 23. Rd1 Qg6 24. Re1 f6 25. Rd3
Qf7 26. Red1 Qc7 27. Qxc7 Rxc7 28. Nh4 Kf7 29. g4 g6 30. Kg2 Ree7 31. Kf3 Red7
32. Ke3 Rxd3+ 33. Rxd3 Rd7 34. Rxd7+ Bxd7 35. Ng2 g5 36. Kd3 h5 37. Ne3 h4 38.
f3 Ke7 39. Nc4 b5 40. Na5 Be6 41. Nxc6+ Kd6 42. Na5 Kc7 43. Kc3 Kb6 44. Kc2 Bf7
45. Kc3 Be6 46. b3 Bf7 47. a4 Be6 48. Kb2 48... Bf7 {
- Berend,F-Lurje,P/Eupen (Belgium) 1995 (48)}) 9. bxc3 9... Nxb3 $11 (9... Qxc3
10. Rb1 Nxf3+ 11. Qxf3 $15) 10. cxb3 Qxc3 11. Bg5 $17 (11. Ba3 $5 $11 {
kam sehr in Betracht}) 11... d6 12. Rc1 Qa5 13. Nd2 Be6 (13... Qxa2 14. Nc4 b5
15. Ra1 (15. Nxd6+ $143 15... Ke7 16. f4 16... h6 $14) 15... Qxa1 16. Nxd6+ (
16. Qxa1 $6 16... bxc4 17. bxc4 17... Nd7 $16) 16... Kd7 17. Qxa1 Kxd6 18. f4
$18) 14. f4 exf4 ({Schwaecher ist} 14... Qxa2 15. f5 Bxb3 16. Nxb3 $16) 15.
Bxf6 gxf6 16. Rf2 (16. Nc4 Bxc4 17. bxc4 Qxa2 18. Rxf4 18... Rg8 $17) 16... Rg8
17. a4 $19 (17. Nc4 $5 17... Qc7 18. Qh5 $17) 17... Qb6 18. Ra1 18... f5 $17 (
18... Qe3 $5 19. Qf3 $19) 19. a5 $19 (19. exf5 Bxf5 20. Qf3 20... O-O-O $19)
19... Qe3 (19... Qd4 20. Nf3 Qe3 21. a6 $19) 20. a6 bxa6 21. Qc2 (21. Qf3 d5
22. Qxf4 Qxf4 (22... Qxd3 $143 23. exf5 Bd7 24. Re1+ Kd8 25. Qd6 $15) 23. Rxf4
dxe4 24. dxe4 Rg4 25. Rxg4 fxg4 26. Rxa6 26... Rd8 $17) 21... Qb6 (21... c5 22.
exf5 Bxf5 23. Nc4 $19) 22. Rb1 (22. d4 $19) 22... Kd8 (22... Rb8 23. exf5 Bxf5
24. Ra1 $19) 23. exf5 Bxf5 24. Qc3 24... Kc8 $15 (24... Kc7 $5 $142 25. Nc4
25... Qc5 $19) 25. Nc4 Qc5 26. Re1 $17 (26. Ra1 $5 {ist zu ueberlegen} 26...
Qd5 27. Rxa6 $11) 26... Be6 (26... Qd5 27. Qb4 c5 28. Qa4 $17) 27. d4 Qd5 28.
Kh1 $19 (28. Ra1 f3 29. Ra5 $11) 28... Kc7 29. Ree2 $2 (29. Ra1 $142 29... Rab8
30. Re2 $19) 29... Rxg2 $1 {das war die Absicht. Droht Matt: Rxf2.} 30. Rxg2 f3
31. Rd2 fxg2+ 32. Rxg2 (32. Kg1 {aendert nichts mehr} 32... Rg8 $19) 32... Rg8
{Es droht Matt} (32... Rg8 33. Ne3 33... Qf3 $19) 0-1

[Event "ICS Rated blitz match"]
[Site "207.99.83.229"]
[Date "1999.07.01"]
[Round "?"]
[White "Beadle"]
[Black "Hossa"]
[Result "1-0"]
[WhiteElo "2634"]
[BlackElo "2414"]
[Annotator "Fritz 5.32 (15s)"]
[PlyCount "60"]

1. d4 1... Nf6 {Opening = A52 - 3.de5 Ng4} 2. c4 e5 3. dxe5 Ng4 4. Nf3 Nc6 5.
Bf4 f6 (5... Bb4+ 6. Nbd2 Qe7 7. e3 Ngxe5 8. Nxe5 Nxe5 9. Be2 O-O 10. O-O Ng6 (
10... a5 11. Nb1 d6 12. a3 Bc5 13. Nc3 Be6 14. Nd5 Bxd5 15. cxd5 f5 16. Qd2 g5
17. Bxe5 Qxe5 18. Rae1 g4 19. g3 Rf6 20. Rc1 Kg7 21. Rfd1 h5 22. Qc3 Qxc3 23.
Rxc3 h4 24. Rc4 b5 25. Rf4 {Sarfati,J-Sheldrick,K/Suncoast AUS 1999/1-0 (65)})
11. Bg3 Bd6 12. Bxd6 Qxd6 13. Rc1 Qe7 14. Qc2 d6 15. Bd3 Kh8 16. Bxg6 hxg6 17.
Qc3 b6 18. e4 a5 19. Rfe1 Re8 20. Nf1 {Varga,P-Arnold,L/Basel SUI 1999/1-0 (41)
}) 6. Qd5 fxe5 7. Bg5 $146 (7. Nxe5 Bb4+ 8. Nd2 Bxd2+ 9. Qxd2 9... Ncxe5 $15)
7... Be7 8. Bxe7 Nxe7 9. Qd2 e4 10. Qd4 10... exf3 $11 (10... d5 $5 {
ist zu erwaegen} 11. Nfd2 11... Rf8 $17) 11. Qxg4 O-O 12. exf3 d5 13. Qd4 Qe8
14. Be2 Qg6 15. g3 15... Qd6 $16 (15... Be6 16. cxd5 Bxd5 17. Nd2 $14) 16. Nc3
16... c6 $16 {Kontrolliert b5} (16... c5 17. Ne4 cxd4 18. Nxd6 $16) 17. cxd5
cxd5 18. O-O $14 (18. Rd1 18... Be6 $16) 18... Bh3 $16 (18... Be6 19. Rad1 $14)
19. Rfd1 19... Qe6 $18 (19... Be6 20. Rac1 Nc6 21. Qh4 $16) 20. Rd2 $16 (20. f4
$5 20... Rad8 21. Bf3 21... Rfe8 $18) 20... Rf5 $18 (20... Rfd8 $5 $16) 21. f4
Qf7 (21... Rd8 $5 22. Bd3 Rf7 23. Qxa7 $18) 22. Bf3 Kh8 23. Rad1 (23. Bxd5 {
ist minderwertig} 23... Nxd5 24. Re1 Nxc3 25. bxc3 25... Bg4 $17) 23... Rf8 (
23... Rf6 24. Nxd5 Rd6 25. Qc5 $18) 24. Qxa7 Nc6 25. Qa3 d4 26. Bxc6 dxc3 27.
Bd5 Qg6 28. Qxc3 Qa6 (28... Rxf4 29. Bxb7 R4f7 30. Bc6 $18) 29. Qb4 b5 30. Be4
R5f7 1-0

[Event "ICS Rated bullet match"]
[Site "207.99.83.229"]
[Date "1999.07.01"]
[Round "?"]
[White "Amateur"]
[Black "Hossa"]
[Result "0-1"]
[WhiteElo "2453"]
[BlackElo "2487"]
[Annotator "Fritz 5.32 (15s)"]
[PlyCount "162"]

1. e4 1... c5 {Opening = B44 - 4.Nd4 Nc6 5.---} 2. Nf3 e6 3. d4 cxd4 4. Nxd4
Nf6 5. Nc3 Nc6 6. Ndb5 d6 7. Bf4 e5 8. Bg5 a6 9. Na3 b5 10. Nd5 Qa5+ 11. Bd2
Qd8 12. Be3 Rb8 13. Nxf6+ $146 (13. g3 Nxe4 14. Bg2 f5 15. O-O Be7 16. Nc3 Be6
17. Nxe4 fxe4 18. Bxe4 d5 19. Bg2 O-O 20. c3 Qd7 21. Nc2 Rfd8 22. Re1 Bh3 23.
Bh1 Bf6 24. f4 e4 25. Nd4 b4 26. Qe2 bxc3 27. bxc3 27... Nxd4 {
Sax,G-Garcia,G/Moscow izt 1982/0-1 (45)}) 13... Qxf6 14. Be2 14... d5 $14 (
14... Bb7 15. c3 $11) 15. exd5 {Der Freibauer d5 greift sofort ein} 15... Bxa3
16. bxa3 {Befestigt b4} ({Jedoch nicht} 16. dxc6 16... Bxb2 17. c7 Rb7 18. Qd8+
Qxd8 19. cxd8=Q+ Kxd8 20. Rd1+ Rd7 21. Rxd7+ 21... Bxd7 $17) 16... Nd4 17. Bxd4
$11 (17. c3 Nxe2 18. Qxe2 18... O-O $14) 17... exd4 18. O-O O-O 19. Bd3 {
d4 ist sicher gestoppt} 19... Qe5 20. Qf3 $11 (20. Re1 Qxd5 21. c3 Rd8 (21...
dxc3 $4 22. Bxh7+ Kxh7 23. Qxd5 $18) 22. cxd4 22... g6 $14 (22... Qxd4 $2 23.
Re8+ Rxe8 24. Bxh7+ Kxh7 25. Qxd4 $18)) 20... Bb7 21. a4 Bxd5 22. Qh3 {
Es droht Matt} 22... h6 23. axb5 axb5 24. Rfe1 Qg5 25. a4 bxa4 26. Rxa4 Be6 27.
Qf3 Bd5 28. Qg3 Qd2 29. Qe5 Rb4 30. Ra7 Bc4 31. Ra3 Bxd3 32. Rxd3 {
Isolierte Bauern sind verwundbar} 32... Qxc2 33. Rxd4 33... Rb2 {Droht Matt}
34. Qf4 34... Rb1 {Droht Matt} 35. Qe3 $4 $19 (35. Rde4 $15 $142 {
war der letzte Versuch}) 35... h5 $11 (35... Rfb8 $19 $142 {
liesse Weiss keine Chance}) 36. Rd7 $4 $19 {wirft den Vorteil weg} (36. h3 $11
$142 {bringt noch Rettung}) 36... Rxe1+ $11 (36... Rfb8 $19 $142 {
und Weiss kann direkt aufgeben}) 37. Qxe1 Rb8 38. Rd1 Rb2 39. Qf1 Kh7 40. Rc1
Qf5 41. Rc3 f6 42. h4 Rb1 43. Rc1 Rb2 44. Rc3 g5 (44... Rd2 45. Rc1 $11) 45.
hxg5 fxg5 ({Nicht} 45... Qxg5 46. Qd3+ Kh6 47. Rc8 $16) 46. Rc7+ Kh8 47. Ra7 $4
$19 {vergibt den Vorteil} (47. Qe1 $142 {war relativ besser} 47... Rb1 48. Rc1
Rxc1 49. Qxc1 $11) 47... Rb1 48. Ra8+ Kg7 49. Ra7+ Kf6 50. Ra6+ Ke7 51. Ra7+
Kd6 52. Ra6+ Kc7 (52... Kd7 $5 {ginge schneller} 53. Ra1 Rxf1+ 54. Rxf1 $19)
53. Ra7+ (53. Ra1 {kann das Vorangegangene nicht ungeschehen machen} 53...
Rxf1+ 54. Rxf1 54... h4 $19) 53... Kc6 54. Ra6+ Kb7 55. Rd6 (55. Ra1 {
waere gleichermassen fruchtlos} 55... Rxf1+ 56. Rxf1 56... h4 $19) 55... Rxf1+
56. Kxf1 56... Qb1+ {Schwarz haelt das Heft fest in der Hand} 57. Ke2 Qh1 58.
g3 Qe4+ 59. Kf1 h4 60. gxh4 gxh4 61. Rd7+ 61... Kc6 {Mit der Mattdrohung Kxd7}
62. Rg7 h3 (62... Qh1+ {ist genauer} 63. Rg1 Qf3 64. Rg7 $19) 63. Kg1 Qe1+ 64.
Kh2 Qxf2+ 65. Kxh3 Qf1+ 66. Kh4 Qe1+ 67. Kg5 Kd6 68. Rf7 Qg3+ 69. Kf5 Qf3+ 70.
Kg6 Qg4+ 71. Kf6 Qh4+ 72. Kg7 (72. Kg6 $19 {bietet noch letzte Rettungschancen}
) 72... Qg5+ 73. Kh7 73... Ke6 {Droht Matt: Kxf7} 74. Rf8 Qg4 75. Kh8 75... Ke7
{Es droht Matt} 76. Rg8 (76. Rb8 $19 {die letzte Gegenchance}) 76... Qd4+ 77.
Kh7 Kf7 78. Rf8+ Kxf8 79. Kg6 Qe5 80. Kh6 Kf7 81. Kh7 Qh5# (81... Qg7#) 0-1

[Event "ICS Rated blitz match"]
[Site "207.99.83.229"]
[Date "1999.07.01"]
[Round "?"]
[White "Amateur"]
[Black "Hossa"]
[Result "1-0"]
[WhiteElo "2469"]
[BlackElo "2407"]
[Annotator "Fritz 5.32 (15s)"]
[PlyCount "84"]

1. d4 1... d5 {Opening = D21 - 3.Nf3 ---} 2. Nf3 e6 3. c4 dxc4 4. e3 b5 (4...
c5 5. Bxc4 a6 6. a3 Nf6 7. O-O b5 8. Ba2 Bb7 9. Qe2 cxd4 10. Rd1 Be7 11. Nc3
O-O 12. Nxd4 Qc8 13. e4 Nc6 14. Nf3 Qc7 15. e5 Nd7 16. Bf4 b4 17. Ne4 Ndxe5 18.
Nxe5 Nxe5 19. Rac1 {Schmidt,W-Weglarz,L/POL-ch 1994/1-0 (48)}) 5. Be2 $15 (5.
a4 $5 5... Ba6 6. axb5 Bxb5 7. Nc3 $11) 5... Bb4+ (5... c5 6. a4 cxd4 7. Nxd4
$11) 6. Bd2 {Weiss erlangt Initiative} 6... Bxd2+ 7. Nfxd2 7... Nf6 $11 (7...
Bb7 8. a4 c6 9. b3 $11) 8. a4 c6 9. Nc3 $15 (9. axb5 cxb5 10. b3 cxb3 11. Bxb5+
11... Bd7 $11) 9... b4 $11 (9... Qd7 10. axb5 cxb5 11. Bf3 $15) 10. Na2 O-O (
10... a5 11. Nxc4 Ba6 12. Rc1 $14) 11. Nxb4 Nd5 12. Na2 c5 13. dxc5 (13. Bxc4
$6 13... cxd4 14. exd4 14... Nb6 $11) 13... Nd7 14. Bxc4 Nxc5 15. b4 Na6 16.
Rb1 Nac7 17. O-O Rb8 18. Bxd5 $14 (18. Qc2 18... f5 $16) 18... Nxd5 19. Nf3
19... Qe8 $16 (19... Bb7 20. b5 $14) 20. e4 Nf6 21. Nc3 Ba6 22. b5 Rd8 23. Qe2
({Nachteilig ist} 23. bxa6 23... Rxd1 24. Rfxd1 24... Qc6 $15) 23... Bb7 24.
Qe3 Rd7 25. Ne5 (25. Qxa7 $6 25... Bxe4 26. Qe3 Bxb1 27. Rxb1 27... Nd5 $15)
25... Rc7 26. Rfd1 Qe7 27. Rd3 Rc5 28. Nd7 Nxd7 29. Rxd7 Qxd7 30. Qxc5 Rc8 31.
Qe3 Ba8 32. Rd1 Qc7 33. Rd3 f6 34. Qd4 Kh8 35. h3 e5 36. Qd7 Qb8 37. a5 37...
Bb7 $18 (37... h6 $5 $16) 38. a6 Ba8 39. b6 Bc6 (39... axb6 $4 {
den sollte Schwarz lieber stehen lassen} 40. a7 h6 41. axb8=Q Rxb8 42. Qc7 $18)
40. Qxa7 Qxa7 41. bxa7 Ra8 (41... h5 $18 {ist noch eine duenne Chance}) 42. Rd6
Be8 1-0

[Event "ICS Rated standard match"]
[Site "207.99.83.229"]
[Date "1999.07.01"]
[Round "?"]
[White "Secret"]
[Black "Hossa"]
[Result "1-0"]
[WhiteElo "2391"]
[BlackElo "2245"]
[Annotator "Fritz 5.32 (15s)"]
[PlyCount "60"]

1. e4 1... c5 {Opening = 7.Bg5 a6 8.Na3 b5 9.---} 2. Nf3 e6 3. d4 cxd4 4. Nxd4
Nf6 5. Nc3 Nc6 6. Ndb5 d6 7. Bf4 e5 8. Bg5 a6 9. Na3 b5 10. Nd5 Qa5+ 11. Bd2
Qd8 12. Bg5 Qa5+ 13. Bd2 Qd8 14. c4 Nxe4 (14... Nxd5 15. exd5 Nb8 16. cxb5 Be7
17. Bc4 f5 18. f4 Bh4+ 19. g3 Bf6 20. O-O O-O 21. Qb3 Nd7 22. Be3 g5 23. Kh1
Rf7 24. bxa6 Bxa6 25. Bxa6 Rxa6 26. Nc4 Qa8 27. fxg5 Qxd5+ 28. Kg1 Be7 29. Rad1
{Saunina,L-Strutinskaya,G/ch-RUS (women), Elista RUS 1997/ - (54)}) 15. cxb5
Be6 16. Bc4 Ne7 17. O-O $15 (17. Be3 Rc8 18. Nb6 d5 19. Nxc8 Nxc8 20. O-O Bxa3
21. bxa3 dxc4 22. Qxd8+ Kxd8 23. bxa6 Kc7 24. Rab1 Ncd6 25. Rfc1 Ra8 26. f3 Nf6
27. a7 Nd7 28. Rb4 Nf5 29. Rbxc4+ Bxc4 30. Rxc4+ Kd8 31. Bf2 Nd4 32. Ra4 Kc7
33. Kf1 Nc5 34. Rc4 34... Kd6 {0-1 Gobet,F-Kasparov Garry/Zurich 1987 (34)}) (
17. Bb4 $5 $14 $142 {steht zur Diskussion}) 17... Nxd5 (17... Bxd5 18. Bxd5
Nxd5 19. Ba5 $15) 18. Bxd5 {
Der Laeufer kann schlecht vertrieben werden. Weiss erhaelt Koenigsangriff}
18... Bxd5 19. Ba5 Qxa5 20. Qxd5 20... Rc8 $14 (20... axb5 21. Qc6+ Kd8 22.
Qxe4 $11) 21. Qxe4 axb5 22. Rac1 Rb8 23. Qc6+ {
Der isolierte Bauer b5 geraet unter Druck} 23... Ke7 24. Rfd1 {Droht Matt: Qxd6
} 24... Kf6 25. Rc5 {Droht Matt} 25... Rb6 $4 $18 (25... Kg5 $142 {
ist die einzige Rettung} 26. f4+ $1 {nun hat Weiss die besseren Moeglichkeiten}
26... Kh6 (26... Kxf4 27. h4 Kf5 28. Rf1+ Ke6 29. Nc4 $18) 27. Rxe5 Qa7+ 28.
Kh1 g6 29. Rxb5 29... Be7 $16) 26. Qf3+ (26. Rxb5 $6 {ist sichtlich schlechter}
26... Rxc6 27. Rxa5 27... Be7 $15) 26... Kg5 27. Nc4 {Mit der Mattdrohung h4}
27... f5 (27... Qxa2 $4 {das Schlagen des Bauern ist schlecht} 28. h4+ $1 {
ein boeses Schach} 28... Kg6 29. Nxe5+ dxe5 30. Qg3+ Kf6 31. Qxe5+ Kg6 32. Qg5#
) 28. Rxe5 $1 {logisch und kraftvoll. Droht Matt: Qxf5} 28... dxe5 29. Qg3+ ({
Schlechter scheint} 29. Nxa5 29... Re6 $18) 29... Kh5 30. Nxa5 Ra6 (30... e4
31. f4 h6 32. Rd5 $18) 1-0

[Event "ICS Rated standard match"]
[Site "207.99.83.229"]
[Date "1999.07.01"]
[Round "?"]
[White "Hossa"]
[Black "Secret"]
[Result "0-1"]
[WhiteElo "2235"]
[BlackElo "2401"]
[Annotator "Fritz 5.32 (15s)"]
[PlyCount "74"]

1. d4 1... d5 {Opening = D27 5.Bc4 c5 6.0-0 a6 (7.a4)} 2. c4 dxc4 3. Nf3 Nf6 4.
e3 e6 5. Bxc4 c5 6. O-O a6 7. Nc3 b5 8. Be2 (8. Bb3 Bb7 9. Qe2 Be7 10. a3 O-O
11. dxc5 Nbd7 12. Bc2 Bxc5 13. e4 Qc7 14. Bg5 Rac8 15. Rac1 h6 16. Bxf6 Nxf6
17. e5 Ng4 18. Be4 Nxf2 19. Rxf2 Bxf2+ 20. Kxf2 Qc5+ 21. Kf1 Bxe4 22. Qxe4 Qc6
23. Qd4 Qb7 24. Rd1 Rc7 25. Qd3 b4 26. Ne4 bxa3 27. bxa3 Rb8 28. Nd4 Qd5 29.
Nf3 Qa5 30. h3 Qa4 31. Kg1 Rc2 32. Nd4 Rc4 33. Nd6 Rc5 34. Qf3 Rf8 35. Kh1 Rd5
36. Qd3 Rxe5 37. Qb3 Qxb3 38. Nxb3 Re3 39. Nc5 Rxa3 40. Nc4 Rc3 41. Rd4 Rc8 42.
Nxa6 {0-1 Manakova,M-Galliamova,A/ch-RUS (women), Elista RUS 1997 (42)}) 8...
Bb7 (8... cxd4 9. exd4 Be7 10. Bg5 Bb7 11. Qd3 O-O 12. Bd1 Nbd7 13. Bc2 Re8 14.
Rfe1 Nf8 15. Rad1 Nd5 16. Nxd5 Bxg5 17. Nc3 Bh6 18. Bb3 Ng6 19. g3 Ne7 20. Ne4
Bxe4 21. Qxe4 Nd5 22. Ne5 Rf8 23. Nxf7 Qf6 24. Nxh6+ {
1-0 Cruceli,S-Mauerhofer,A/Bern SUI 1999 (24)}) 9. Ng5 $15 (9. dxc5 9... Nc6
$11) (9. b3 Nbd7 10. Bb2 Qb8 11. Rc1 Bd6 12. h3 O-O 13. a4 cxd4 14. Nxd4 bxa4
15. Nxa4 Bd5 16. Nc3 Bb7 17. Bd3 Ne5 18. Bc2 Ng6 19. Nf3 Be7 20. Ra1 Rd8 21.
Qe2 Nd7 22. Rfb1 Nde5 23. Nd4 23... Bb4 {
Hetey,L-Hummel,D/Dortmund op 1995/ - (33)}) 9... cxd4 10. exd4 10... Bd6 $11 (
10... h6 11. Nf3 $15) 11. Bf3 Bxf3 12. Qxf3 Nbd7 13. Nce4 13... Nb6 $14 (13...
Be7 14. Nxf6+ Nxf6 15. Qc6+ Nd7 16. d5 exd5 17. Qxd5 $11) 14. Nxf6+ gxf6 15.
Qc6+ Ke7 16. Ne4 Qc7 17. Qxc7+ Bxc7 18. Bd2 18... Nd5 {
Dort fuehlt sich der schwarze Springer wohl} 19. Rac1 Rhg8 20. Rc6 f5 21. Nc5 {
Der Springer ist gut plaziert} 21... a5 22. Rc1 Bf4 23. Rc2 Bxd2 24. Rxd2 24...
a4 {Raumvorteil} 25. Nd3 a3 26. b3 Rac8 27. Rc5 Rxc5 28. dxc5 Rd8 29. Nc1 $15 (
29. Ne5 Nb4 30. Rxd8 Kxd8 31. Nxf7+ 31... Kc7 $19) 29... Rd7 30. c6 $17 (30.
Ne2 30... Rc7 $15) 30... Rd6 31. Nd3 (31. Kf1 Rxc6 32. Nd3 32... b4 $17) 31...
Nb4 $1 {
haelt den Vorteil fest. Schwarz zwingt den Gegner mit starken Drohungen nieder}
32. c7 (32. Nxb4 Rxd2 33. Kf1 33... f4 $19) 32... Kd7 33. Ne5+ (33. c8=Q+ Kxc8
34. Nxb4 34... Rxd2 $19) 33... Kxc7 34. Rxd6 Kxd6 35. Nf3 (35. Nxf7+ Kd5 36. g4
Nxa2 37. gxf5 Nb4 38. fxe6 38... a2 $19) 35... Nxa2 {
Der Freibauer a3 ist ein wichtiges Motiv} 36. Nd4 b4 37. g3 (37. Kf1 {
macht keinen grossen Unterschied} 37... Nc1 38. Nc2 38... Kc5 $19) 37... Nc1 (
37... Nc1 38. Nc2 38... a2 $19) 0-1

[Event "ICS Rated bullet match"]
[Site "207.99.83.229"]
[Date "1999.07.01"]
[Round "?"]
[White "Hossa"]
[Black "Amateur"]
[Result "1/2-1/2"]
[WhiteElo "2501"]
[BlackElo "2439"]
[PlyCount "163"]

1. d4 Nf6 2. c4 g6 3. Nc3 d5 4. Nf3 Bg7 5. Bg5 Ne4 6. cxd5 Nxg5 7. Nxg5 e6 8.
Nf3 exd5 9. b4 O-O 10. e3 Be6 11. Bd3 Qd6 12. a3 Nc6 13. O-O a5 14. b5 Ne7 15.
Ng5 Bd7 16. Qf3 Rac8 17. Qg3 Qxg3 18. hxg3 c5 19. bxc6 Rxc6 20. Nb5 h6 21. Nf3
Bf5 22. Bxf5 Nxf5 23. g4 Nd6 24. Nxd6 Rxd6 25. Rab1 b6 26. Rfe1 Rc8 27. e4 Rc3
28. Ra1 dxe4 29. Rxe4 Bf6 30. Kf1 Kg7 31. Kg1 a4 32. Kf1 b5 33. Ra2 Re6 34. Ne5
Rd6 35. f4 Rd5 36. Nf3 g5 37. fxg5 hxg5 38. Kf2 Kf8 39. Ne5 Kg8 40. Nf3 Kh7 41.
Ke1 Kg6 42. Kf2 Rb3 43. Ke2 Rd8 44. Kf2 b4 45. axb4 Rxb4 46. Ke3 Rc8 47. Kf2
Rcc4 48. Ke3 Rc3+ 49. Kd2 Rcb3 50. Ra1 Rb2+ 51. Kc3 R4b3+ 52. Kc4 Rc2+ 53. Kd5
Rxg2 54. Ne1 Rg1 55. Rxa4 Rbg3 56. Ra1 Rxg4 57. Nc2 Rxa1 58. Rxg4 Ra5+ 59. Kc6
Ra6+ 60. Kb5 Ra2 61. Ne3 Bg7 62. d5 f5 63. Rg2 Rxg2 64. Nxg2 f4 65. Ne1 g4 66.
d6 Kf7 67. Nd3 f3 68. Kc6 Bc3 69. Nf2 g3 70. Ne4 g2 71. Ng5+ Kf8 72. Nxf3 Be5
73. d7 Ke7 74. Kb7 Kd8 75. Kb6 Bh2 76. Kc6 Ke7 77. Kd5 Kxd7 78. Ke4 Kc6 79.
Nd4+ Kd6 80. Ne2 Be5 81. Kf3 g1=Q 82. Nxg1 {
Game drawn because neither player has mating material} 1/2-1/2

[Event "ICS Rated bullet match"]
[Site "207.99.83.229"]
[Date "1999.07.01"]
[Round "?"]
[White "JSBach"]
[Black "Hossa"]
[Result "0-1"]
[WhiteElo "2038"]
[BlackElo "2498"]
[PlyCount "142"]

1. d4 d5 2. Bg5 Nf6 3. Nf3 e6 4. Nbd2 Nbd7 5. e3 Bd6 6. Bd3 e5 7. e4 O-O 8.
exd5 exd4 9. O-O Be7 10. d6 Bxd6 11. Nxd4 Nc5 12. N2f3 Re8 13. Nb5 Be7 14. Be2
Bd7 15. Re1 Nce4 16. Bf4 Bc5 17. Nbd4 Ng4 18. Rf1 Qf6 19. Bxc7 Rac8 20. Ba5 b6
21. Be1 Rcd8 22. Qd3 Ba4 23. Rd1 Bxd4 24. Nxd4 Nc5 25. Qf3 Rxd4 26. Rxd4 Qxd4
27. Qxg4 Qxg4 28. Bxg4 Bb5 29. Bc3 Bxf1 30. Kxf1 Ne4 31. Bb4 Nxf2 32. Bd7 Re4
33. a3 Nd1 34. Bc3 Nxc3 35. bxc3 Rc4 36. a4 Rxc3 37. Bg4 Rxc2 38. Bf3 a6 39.
Bd5 b5 40. Bb3 Rb2 41. Bd1 b4 42. Bf3 a5 43. Ke1 Kf8 44. Bd5 Ke7 45. Kd1 Rf2
46. Ke1 Rc2 47. Kd1 Rb2 48. h3 Rf2 49. Ke1 Rc2 50. Be4 Ra2 51. Bc6 b3 52. Be4
b2 53. Bb1 Ra1 54. Kd1 Rxb1+ 55. Kc2 Rg1 56. Kxb2 Rxg2+ 57. Kc3 Rg3+ 58. Kc4
Rxh3 59. Kd5 Rh4 60. Kc5 Rb4 61. Kc6 Ke6 62. Kc7 h5 63. Kc6 Rxa4 64. Kb5 Ra3
65. Kc4 h4 66. Kc5 h3 67. Kd4 h2 68. Kc5 h1=Q 69. Kb5 Qb7+ 70. Kc5 Rc3+ 71. Kd4
71... Qb4# {JSBach checkmated} 0-1

[Event "ICS rated bullet match"]
[Site "207.99.83.229"]
[Date "1999.07.01"]
[Round "?"]
[White "Hossa"]
[Black "Amateur"]
[Result "0-1"]
[WhiteElo "2500"]
[BlackElo "2442"]
[PlyCount "114"]

1. d4 d5 2. c4 e6 3. Nc3 Nf6 4. Bg5 Be7 5. e3 O-O 6. Nf3 h6 7. Bh4 b6 8. cxd5
Nxd5 9. Bxe7 Qxe7 10. Nxd5 exd5 11. Be2 Bf5 12. O-O Nd7 13. Rc1 Qd6 14. Ba6 c5
15. Bb5 c4 16. Bxd7 Qxd7 17. Ne5 Qe7 18. a3 f6 19. Nc6 Qd6 20. Nb4 a5 21. Na2
Bd3 22. Re1 b5 23. Nc3 b4 24. Nb5 Qd7 25. a4 Rae8 26. Kh1 Re4 27. Qh5 Rg4 28.
Rg1 Bf5 29. f3 Rg5 30. Qh4 Re8 31. Rge1 Qc6 32. e4 dxe4 33. Qf2 Bg6 34. h4 Rh5
35. Qg3 Kh7 36. Kg1 exf3 37. gxf3 Rxe1+ 38. Rxe1 c3 39. bxc3 bxc3 40. Qg4 c2
41. Rc1 Rd5 42. Kh1 Rd7 43. h5 Bd3 44. Qg2 Re7 45. Kg1 Re2 46. Qg3 Qe8 47. f4
Rd2 48. Qf3 Be2 49. Nd6 Bxf3 50. Nxe8 Rd1+ 51. Kf2 Rxc1 52. Kxf3 Rf1+ 53. Ke2
c1=Q 54. Nxf6+ gxf6 55. Kd3 Re1 56. d5 Re3+ 57. Kd4 57... Qc3# {
Hossa checkmated} 0-1

[Event "ICS Rated standard match"]
[Site "207.99.83.229"]
[Date "1999.07.01"]
[Round "?"]
[White "Secret"]
[Black "Hossa"]
[Result "1-0"]
[WhiteElo "2410"]
[BlackElo "2226"]
[Annotator "Fritz 5.32 (22s)"]
[PlyCount "73"]

1. e4 1... c5 {Opening = B46 - 5.Nc3 a6} 2. Nc3 e6 3. Nge2 Nc6 4. d4 cxd4 5.
Nxd4 a6 6. Nxc6 bxc6 7. Bd3 Bb4 (7... d6 8. O-O Nf6 9. b3 Be7 10. Bb2 e5 11.
Na4 O-O 12. c4 Nd7 13. Qe2 Re8 14. c5 dxc5 15. Rfd1 Qc7 16. Rac1 Rb8 17. Bxa6
Bxa6 18. Qxa6 Rb5 19. Nc3 Rb4 20. Qe2 Nf8 21. Ba3 Rd4 22. Rxd4 exd4 23. Na4 Ne6
24. Nb2 g6 25. g3 Bf8 26. Nc4 Ng5 27. f3 Qd7 28. Rd1 f5 29. Bc1 Nf7 30. e5 Qd5
31. f4 Nd8 32. Nb6 Qf7 33. Kf2 33... Ne6 {
- Short,N-Landenbergue,C/Garmisch-Partenkirchen 25' 1994 (33)}) (7... d5 8. O-O
Nf6 9. Bg5 Be7 10. e5 Nd7 11. Bxe7 Qxe7 12. Qh5 Rb8 13. b3 Nc5 14. Kh1 a5 15.
f4 g6 16. Qh6 Ba6 17. Bxa6 Nxa6 18. Nd1 Nc5 19. Nf2 Qf8 20. Qh3 Nd7 21. c4 Qa3
22. cxd5 {Lutz Christopher-Einersen Eivind/Copenhagen DEN (1) 1995/1-0 (41)})
8. Bd2 8... Ne7 $146 (8... d5 9. exd5 cxd5 10. Qg4 Bf8 11. O-O Nf6 12. Qg3 Bd6
13. Qxg7 Bxh2+ 14. Kh1 Rg8 15. Qh6 Be5 16. Rae1 Ng4 17. Qh5 Qb6 18. Rxe5 Nxf2+
19. Rxf2 Qxf2 20. Re2 {- Huettmann,J-Pollok,J/Bargteheide 1989 (20)}) (8... Nf6
9. e5 Nd5 10. Nxd5 Bxd2+ 11. Qxd2 cxd5 12. Qf4 Rb8 13. O-O-O O-O 14. h4 Qb6 15.
b3 Qc5 16. h5 Bb7 17. h6 f5 18. exf6 gxf6 19. Qg3+ Kf7 20. Bxh7 Ke7 21. Bg6
Rfc8 22. Rde1 Qd4 23. Kb1 {mhz,M-Roma,P/5+5 1988/1-0 (67)}) 9. a3 Bc5 10. b4
Bd4 11. Rb1 O-O 12. O-O f5 13. exf5 Nxf5 14. Qg4 Be5 15. Ne4 Qc7 16. f4 Bd4+
17. Kh1 d6 18. Qe2 Qe7 19. g4 Nh6 20. Ng5 Bb7 21. h3 Rae8 22. c3 Bb6 23. Bxh7+
Kh8 24. Bg6 Rb8 25. Qxe6 c5+ 26. Kh2 Qc7 27. Qe2 Qc6 28. Ne6 Rf6 29. f5 Qe4 30.
Rbe1 Rxe6 31. Qf2 Qc6 32. fxe6 cxb4 33. Qg3 Qd5 34. Re2 Qb5 35. Bd3 Qa4 (35...
Qd5 {holt die Kuh nicht vom Eis} 36. e7 $1 $18 {macht alles klar}) 36. Qxd6 Qe8
(36... Nxg4+ 37. hxg4 Qe8 38. e7 $18) 37. Bxh6 $1 {kraeftig gespielt} (37. Bxh6
Ba8 38. Bxg7+ Kg8 39. e7 $18) 1-0

[Event "ICS Rated standard match"]
[Site "207.99.83.229"]
[Date "1999.07.01"]
[Round "?"]
[White "Hossa"]
[Black "Secret"]
[Result "0-1"]
[WhiteElo "2222"]
[BlackElo "2418"]
[PlyCount "49"]

1. e4 e5 2. Nf3 Nf6 3. Nxe5 d6 4. Nf3 Nxe4 5. d4 d5 6. Bd3 Bd6 7. O-O O-O 8. c4
Nf6 9. Nc3 dxc4 10. Bxc4 Nc6 11. Bg5 Bg4 12. Bb5 Bxf3 13. Qxf3 Nxd4 14. Qxb7
Rb8 15. Qa6 Bxh2+ 16. Kh1 Nxb5 17. Nxb5 Qd5 18. Bxf6 Qh5 19. Rfd1 Rfe8 20. Be7
Rxe7 21. Rd5 Qh4 22. Rh5 Qxh5 23. g4 Qh3 24. Qh6 gxh6 25. a3 {Hossa resigns}
0-1